00963cam a22002653a 45000010005000000030006000050050017000110080041000280400015000690420007000840500007000911000032000982450100001302600029002305050179002595060030004385160020004686530028004886530012005168300028005288560041005569420007005979990019006049520074006231048PGUSA20140828082956.0970901s1997||||xxu|||||s|||||000 1 eng d aPGUSAbeng adc 4aPS1 aVan Dyke, Henry,d1852-193314aThe Ruling Passion :bTales of Nature and Human Natureh[electronic resource] /cHenry Van Dyke bProject Gutenberg,c19970 aA lover of music — The reward of virtue — A brave heart — The gentle life — A friend of justice — The white blot — A year of nobility — The keeper of the light. aPublic domain in the USA. aElectronic text aShort stories, American aFiction 0aProject Gutenbergv104840uhttp://www.gutenberg.org/ebooks/1048 cEB c230399d230399 001040aGTBbGTBd2014-08-28l0r2014-08-28 00:00:00w2014-08-28yEB